000
00263nam a22001217a 4500
082
_a
603 CRI'D
100
_a
CRISPIN, F.S
_9
78327
245
_a
DICTIONARY OF TECHNICAL TERMS
250
_a
11TH
260
_a
NEWYORK
_b
BRUCE
_c
1970
300
_a
455P
942
_c
BK
999
_c
583469
_d
583469